000 00952nam a2200253 a 4500
001 000006233
003 DO-SdBNP
005 20250310102412.0
008 090827s2005 dr 001 0 spa d
020 _a9993425567
040 _aDO-SdBNP
_bspa
_cBNPHU
082 _a370.97293
_bD637L
245 0 0 _aDoctorado en liderazgo educacional para la República Dominicana :
_bresúmenes de tesis doctorales.
260 _aSanto Domingo :
_bINTEC,
_c2005.
300 _a104 p. ;
_c23 cm.
590 _aInventariado, 2018/VM
650 4 _aEducación
_zRepública Dominicana
_xResumenes
_917420
650 4 _aEducación superior
_zRepública Dominicana
_xResumenes
_917421
650 4 _aEducación
_zRepública Dominicana
_xTesis y disertaciones académicas
_917422
650 4 _aLiderazgo
_xTesis y disertaciones académicas
_917423
710 2 _aInstituto Tecnológico de Santo Domingo
_978911
910 _aValidado. Control de calidad EMS
942 _2ddc
_cLBS1
999 _c6028
_d6028